| Tag |
First Indicator |
Second Indicator |
Subfields |
| LEADER |
00000cam a2200000 a 4500 |
| 001 |
in00001785437 |
| 005 |
20211202200629.0 |
| 006 |
m d f |
| 007 |
cr an- |
| 008 |
031125s2002 dcua sb f000 0 eng c |
| 035 |
|
|
|a (OCoLC)ocm53708337
|
| 037 |
|
|
|b GAO (202)512-6000 (voice); (202)512-6061 (Fax); (202)512-2537 (TDD)
|f paper copy
|
| 040 |
|
|
|a GPO
|c GPO
|d MvI
|d UtOrBLW
|
| 042 |
|
|
|a pcc
|
| 043 |
|
|
|a n-us---
|
| 049 |
|
|
|a WWW
|
| 074 |
|
|
|a 0546-D (online)
|
| 086 |
0 |
|
|a GA 1.13:GAO-02-275
|
| 088 |
|
|
|a GAO-02-275
|
| 110 |
1 |
|
|a United States.
|b General Accounting Office.
|
| 245 |
1 |
0 |
|a Workforce Investment Act :
|b improvements needed in performance measures to provide a more accurate picture of WIA's effectiveness : report to congressional requesters /
|c United States General Accounting Office.
|
| 264 |
|
1 |
|a Washington, D.C. :
|b U.S. General Accounting Office,
|c [2002]
|
| 336 |
|
|
|a text
|b txt
|2 rdacontent
|
| 337 |
|
|
|a computer
|b c
|2 rdamedia
|
| 338 |
|
|
|a online resource
|b cr
|2 rdacarrier
|
| 538 |
|
|
|a Mode of Access: Internet from the GAO web site. Address as of 11/25/03: http://www.gao.gov/new.items/d02275.pdf; current access is available via PURL.
|
| 500 |
|
|
|a Title from title screen (viewed on Nov. 25, 2003).
|
| 500 |
|
|
|a "February 2002."
|
| 500 |
|
|
|a Paper version available from: General Accounting Office, 441 G St., NW, Rm. LM, Washington, D.C. 20548.
|
| 504 |
|
|
|a Includes bibliographical references.
|
| 500 |
|
|
|a "GAO-02-275."
|
| 500 |
|
|
|a Electronic resource.
|
| 650 |
|
0 |
|a Occupational training
|x Government policy
|z United States
|x Evaluation.
|
| 650 |
|
0 |
|a Federal aid to vocational education
|z United States.
|
| 610 |
1 |
0 |
|a United States.
|t Workforce Investment Act of 1998.
|
| 776 |
0 |
|
|a United States. General Accounting Office.
|t Workforce Investment Act : improvements needed in performance measures to provide a more accurate picture of WIA's effectiveness : report to congressional requesters
|h ii, 38 p.
|w (OCoLC)49285766
|
| 856 |
4 |
0 |
|u https://purl.fdlp.gov/GPO/LPS38496
|t 0
|
| 999 |
|
|
|a MARS
|
| 999 |
f |
f |
|s 5b3321cd-cd20-3aa0-a513-2a0214fc318e
|i 80757609-f49c-30e4-8bcd-b2f2826a3855
|t 0
|
| 952 |
f |
f |
|a Texas A&M University
|b College Station
|c Electronic Resources
|d Available Online
|t 0
|e GA 1.13:GAO-02-275
|h Superintendent of Documents classification
|
| 998 |
f |
f |
|a GA 1.13:GAO-02-275
|t 0
|l Available Online
|